[Event "GER-chT Federal Cup (Women)"]
[Site "Braunfels"]
[Date "2024.05.30"]
[Round "1.5"]
[White "Werner, Rosalie"]
[Black "Muzyka, Irina"]
[Result "1-0"]
[WhiteElo "1938"]
[BlackElo "1244"]
[PlyCount "99"]
[EventDate "2024.05.30"]
[EventType "team-swiss"]
[EventRounds "5"]
[EventCountry "GER"]
[SourceTitle "CB24_2024"]
[SourceDate "2024.06.12"]
[SourceVersion "1"]
[SourceVersionDate "2024.06.12"]
[SourceQuality "1"]
[WhiteTeam "Hessen (W)"]
[BlackTeam "Saarland (W)"]
[WhiteTeamCountry "GER"]
[BlackTeamCountry "GER"]

1. e4 e5 2. Nf3 Nc6 3. Bc4 Bc5 4. c3 Na5 5. Nxe5 Nxc4 6. Nxc4 d5 7. Ne3 dxe4 8. Qa4+ c6 9. Qxe4+ Be6 10. d4 Be7 11. 0-0 Nf6 12. Qf3 0-0 13. Re1 Bd6 14. b3 Qc7 15. h3 Rfe8 16. Bb2 Bd5 17. Qd1 Ne4 18. Nxd5 cxd5 19. Rf1 Re6 20. Qd3 Rae8 21. c4 Bh2+ 22. Kh1 Nxf2+ 23. Rxf2 Re1+ 24. Rf1 Rxf1+ 25. Qxf1 Qg3 26. Nd2 Qc7 27. Nf3 Bg3 28. Qd3 f6 29. cxd5 Qd7 30. Ng5 fxg5 31. Qxg3 Qxd5 32. Rf1 h6 33. Qd3 b5 34. Ba3 a5 35. Bc5 b4 36. Qb5 Ra8 37. Qc4 Qxc4 38. bxc4 Kh7 39. d5 Rc8 40. d6 Rd8 41. Rd1 Rd7 42. Bb6 a4 43. c5 b3 44. axb3 axb3 45. c6 Rf7 46. d7 Rf6 47. d8Q Rxc6 48. Qd3+ Kh8 49. Qf5 g6 50. Qf8+ 1-0